000 00515nam a22001697a 4500
003 PILC
005 20150112093425.0
008 130214t xxu||||| |||| 00| 0 eng d
020 _a9711001179 (pbk.)
050 _aHD 70
_b.An561 1981
082 _aSFf 658.3
_bAn2 1981
100 _aAndres, Tomas D.
_911819
245 _aUnderstanding Filipino values : a management approach /
_cTomas D. Andres
260 _aQuezon City
_bNew Day Publishers
_c1981.
300 _a174 pages :
_bill.
_c23 cm
942 _2lcc
_cBK
999 _c14175
_d14175